afshfsudialsgadibu vviiv - Statistics

General Stats
  • This quiz has been taken 7 times
  • The average score is 58 of 83
Answer Stats
sdbv aoifvbd % Correct
Alicante ALC
100%
Belfast BFS
100%
Bruksela BRU
100%
Budapeszt BUD
100%
Dubaj DXB
100%
Londyn Gatwick LGW
100%
Londyn Heathrow LHR
100%
Lizbona LIS
100%
Madryt MAD
100%
Neapol NAP
100%
Odessa ODS
100%
Praga PRG
100%
Amsterdam AMS
80%
Sztokholm ARN
80%
Ateny ATH
80%
Barcelona el Prat BCN
80%
Birmingham BHX
80%
Bristol BRS
80%
Kopenhaga CPH
80%
Dublin DUB
80%
Dusseldorf DUS
80%
Edymburg EDI
80%
Eindhoven EIN
80%
Frankfurt FRA
80%
Gdańsk GDA
80%
Gothenburg GOT
80%
Geneva GVA
80%
Lyon LYS
80%
Manchester MAN
80%
Malta MLA
80%
Marsylia MRS
80%
Monachium MUC
80%
Chicago ORD
80%
Oslo OSL
80%
Piza PSA
80%
Shannon SNN
80%
Londyn Stansted STN
80%
Tel Aviv TLV
80%
Oslo Torp TRF
80%
Wenecja VCE
80%
Warszawa WAW
80%
Zurich ZRH
80%
Bergen BGO
60%
Mediolan Bergamo BGY
60%
Bournemouth BOH
60%
Burgas BOJ
60%
Bazylea BSL
60%
Paryż Beauvais BVA
60%
Paryż CDG
60%
Rzym Ciampino CIA
60%
Dortmund DTM
60%
East Midlands EMA
60%
Glasgow GLA
60%
Barcelona Girona GRO
60%
Helsinki HEL
60%
Kijów KBP
60%
Leeds Bradford LBA
60%
Gran Canaria LPA
60%
Liverpool LPL
60%
Malmo MMX
60%
Mediolan Malpensa MXP
60%
Newcastle NCL
60%
Norymberga NUE
60%
Porto OPO
60%
Palma de Mallorca PMI
60%
Marakesz RAK
60%
Stuttgarat STR
60%
Stavanger SVG
60%
Berlin Schonefeld SXF
60%
Teneryfa TFS
60%
Trondheim TRD
60%
Wiedeń VIE
60%
Malaga AGP
40%
Bolonia BLQ
40%
Chania CHQ
40%
Bruksela Charleroi CRL
40%
Lourdes LDE
40%
Paphos PFO
40%
Pescara PSR
40%
Lamezia SUF
40%
Sevilla SVQ
40%
Wenecja Treviso TSF
40%
Walencja VLC
40%
No matching quizzes found
Score Distribution
Percent of People with Each Score
Percentile by Number Answered
Your Score History
You have not taken this quiz